[Event "Moratalaz Open 2007"]
[Site "Madrid ESP"]
[Date "2007.09.19"]
[Round "5.2"]
[White "Barez Menendez, Hector"]
[Black "Roa Alonso, Santiago"]
[Result "1/2-1/2"]
[WhiteElo "2169"]
[BlackElo "2445"]
[PlyCount "45"]
[EventDate "2007.09.15"]
[EventType "swiss"]
[EventRounds "9"]
[EventCountry "ESP"]
[Source "lmi"]
[SourceDate "2007.09.13"]

1. d4 d5 2. c4 e6 3. cxd5 exd5 4. Nf3 Nf6 5. Bg5 c6 6. Nc3 Be7 7. Qc2 g6 8. e3
Bf5 9. Bd3 Bxd3 10. Qxd3 O-O 11. O-O Nbd7 12. Rab1 Re8 13. b4 a6 14. a4 Ne4 15.
Bxe7 Qxe7 16. Qc2 Nd6 17. b5 axb5 18. axb5 Nc4 19. Rb3 Ndb6 20. bxc6 bxc6 21.
Nb1 Ra1 22. Nbd2 Rxf1+ 23. Nxf1 1/2-1/2

[Event "Moratalaz Open 2007"]
[Site "Madrid ESP"]
[Date "2007.09.19"]
[Round "5.3"]
[White "Gago Padreny, Ignacio"]
[Black "Madina, Martin"]
[Result "0-1"]
[WhiteElo "2124"]
[BlackElo "2344"]
[PlyCount "102"]
[EventDate "2007.09.15"]
[EventType "swiss"]
[EventRounds "9"]
[EventCountry "ESP"]
[Source "lmi"]
[SourceDate "2007.09.13"]

1. d4 g6 2. c4 Bg7 3. Nc3 d6 4. e4 c6 5. Nf3 Bg4 6. Be2 Qb6 7. d5 Na6 8. Qc2
Nc5 9. O-O Nf6 10. Be3 Nfd7 11. Nd4 Bxe2 12. Qxe2 O-O 13. Rad1 a5 14. f4 a4 15.
a3 Qa6 16. Na2 Rac8 17. Nb4 Qa8 18. Bf2 Na6 19. Nd3 Ndc5 20. e5 Nxd3 21. Rxd3
Nc5 22. Rdd1 Qa6 23. dxc6 bxc6 24. Nc2 Ne6 25. Nb4 Qb7 26. Bh4 g5 27. f5 gxh4
28. fxe6 Bxe5 29. Qg4+ Bg7 30. exf7+ Rxf7 31. Rxf7 Kxf7 32. Qxh4 Kg8 33. Qg4
Rf8 34. Qe2 Rf6 35. Re1 e6 36. Rf1 Qb6+ 37. Kh1 Qe3 38. Qd1 c5 39. Rxf6 Bxf6
40. Nd3 Bd4 41. Qg4+ Kh8 42. Qd1 d5 43. cxd5 exd5 44. Qf1 Kg8 45. Qd1 Qe4 46.
Qxa4 Qxd3 47. Qe8+ Kg7 48. Qe7+ Kg6 49. Qe6+ Bf6 50. Qg4+ Kf7 51. Qh5+ Ke7 0-1

[Event "Moratalaz Open 2007"]
[Site "Madrid ESP"]
[Date "2007.09.19"]
[Round "5.4"]
[White "Gonzalez Somoza, Oliver"]
[Black "Durao, Joaquim"]
[Result "1-0"]
[WhiteElo "2343"]
[BlackElo "2121"]
[PlyCount "77"]
[EventDate "2007.09.15"]
[EventType "swiss"]
[EventRounds "9"]
[EventCountry "ESP"]
[Source "lmi"]
[SourceDate "2007.09.13"]

1. d4 Nf6 2. c4 g6 3. Nc3 Bg7 4. e4 d6 5. Nge2 O-O 6. f3 e5 7. d5 Nbd7 8. Bg5
h6 9. Be3 a5 10. Qd2 Kh7 11. g4 Nc5 12. h4 Ng8 13. Ng3 Ne7 14. Be2 f5 15. Bxc5
dxc5 16. h5 fxg4 17. hxg6+ Nxg6 18. fxg4 Nf4 19. Nf5 Qg5 20. O-O-O Ra6 21. Kb1
Rg8 22. Bf3 Bf8 23. Rh2 a4 24. Nb5 c6 25. dxc6 Rxc6 26. Na7 Bxf5 27. Nxc6 Be6
28. Nd8 Bxc4 29. Qc3 b5 30. b3 axb3 31. axb3 Be7 32. bxc4 b4 33. Qe3 Bxd8 34.
Rd7+ Be7 35. Qxc5 Rg7 36. Qe3 Qf6 37. Ra2 Qc6 38. Raa7 Ng6 39. Rdc7 1-0

[Event "Moratalaz Open 2007"]
[Site "Madrid ESP"]
[Date "2007.09.19"]
[Round "5.5"]
[White "Rubio Mejia, Luis"]
[Black "Horcajada Reales, Guillermo"]
[Result "1-0"]
[WhiteElo "2270"]
[BlackElo "2190"]
[PlyCount "61"]
[EventDate "2007.09.15"]
[EventType "swiss"]
[EventRounds "9"]
[EventCountry "ESP"]
[Source "lmi"]
[SourceDate "2007.09.13"]

1. d4 Nf6 2. c4 c5 3. d5 b5 4. cxb5 a6 5. b6 d6 6. Nc3 Nbd7 7. a4 Qxb6 8. a5
Qb4 9. Ra4 Qb7 10. e4 g6 11. f4 Bg7 12. Nf3 O-O 13. Bc4 Rb8 14. O-O Ne8 15. Re1
Nc7 16. Qd3 Nf6 17. e5 Nfe8 18. h3 Bd7 19. Ra2 Bb5 20. b3 Bd7 21. Na4 Bf5 22.
Qd1 Nb5 23. Bb2 Nec7 24. Nb6 Rbd8 25. exd6 exd6 26. Bxg7 Kxg7 27. Rae2 Rde8 28.
g4 Bc8 29. Qa1+ Kg8 30. Qf6 Na8 31. Rxe8 1-0

[Event "Moratalaz Open 2007"]
[Site "Madrid ESP"]
[Date "2007.09.19"]
[Round "5.6"]
[White "Perez Mitjans, Orelvis"]
[Black "Sanchez Gonzalez, Sergio"]
[Result "1/2-1/2"]
[WhiteElo "2412"]
[BlackElo "2098"]
[PlyCount "107"]
[EventDate "2007.09.15"]
[EventType "swiss"]
[EventRounds "9"]
[EventCountry "ESP"]
[Source "lmi"]
[SourceDate "2007.09.13"]

1. d4 d5 2. Nf3 Nc6 3. g3 Bg4 4. Bg2 Qd7 5. h3 Bf5 6. Nbd2 Nb4 7. Ne5 Qa4 8. b3
Qa5 9. e4 Bxe4 10. Bxe4 dxe4 11. O-O Nf6 12. Bb2 e6 13. a3 Nc6 14. Nxc6 bxc6
15. Qe2 Qf5 16. Kg2 e3 17. Qxe3 Qxc2 18. Rab1 Nd5 19. Qe2 Bd6 20. Rfc1 Qg6 21.
Qf3 Nf4+ 22. Kh2 Qf5 23. Qxc6+ Ke7 24. Qf3 Qxh3+ 25. Kg1 Nd5 26. Re1 Kf8 27.
Ne4 Qf5 28. Qxf5 exf5 29. Nxd6 cxd6 30. a4 f6 31. Ba3 Kf7 32. Bxd6 Rhd8 33. Bc5
a5 34. Kg2 Rab8 35. b4 axb4 36. a5 b3 37. Rb2 Nc3 38. Re7+ Kg6 39. Bb6 Rdc8 40.
Rxb3 Ne4 41. Rb2 Rc1 42. a6 Ra1 43. a7 Rc8 44. Bc5 Nxc5 45. dxc5 f4 46. Rbb7
Rxc5 47. Rxg7+ Kf5 48. Rxh7 Rc2 49. Rb8 Rca2 50. gxf4 Rxa7 51. Rxa7 Rxa7 52.
Kg3 Ra3+ 53. f3 Ra5 54. Rb7 1/2-1/2

[Event "Moratalaz Open 2007"]
[Site "Madrid ESP"]
[Date "2007.09.19"]
[Round "5.7"]
[White "Korneev, Oleg"]
[Black "Vega Gomez, Francisco Borja"]
[Result "1-0"]
[WhiteElo "2565"]
[BlackElo "2117"]
[PlyCount "73"]
[EventDate "2007.09.15"]
[EventType "swiss"]
[EventRounds "9"]
[EventCountry "ESP"]
[Source "lmi"]
[SourceDate "2007.09.13"]

1. e4 d5 2. exd5 Qxd5 3. Nc3 Qa5 4. d4 c6 5. Nf3 Nf6 6. Bd2 Bf5 7. Ne4 Qc7 8.
Nxf6+ gxf6 9. g3 e6 10. Bg2 Bd6 11. O-O Nd7 12. Nh4 Bg6 13. c4 O-O 14. b4 Rfe8
15. Qb3 Rad8 16. Rfe1 Bf8 17. c5 a5 18. Nxg6 hxg6 19. a3 b6 20. b5 cxb5 21.
Qxb5 bxc5 22. Bxa5 Qb8 23. a4 cxd4 24. Bxd8 Rxd8 25. Qxb8 Nxb8 26. a5 Na6 27.
Bb7 Rd6 28. Reb1 e5 29. Rb6 Rxb6 30. axb6 Nc5 31. Bd5 Nd7 32. b7 Bd6 33. Ra6
Bb8 34. Bc6 Nc5 35. Ra8 d3 36. Rxb8+ Kg7 37. Rd8 1-0

[Event "Moratalaz Open 2007"]
[Site "Madrid ESP"]
[Date "2007.09.19"]
[Round "5.8"]
[White "Almagro Llanas, Pablo"]
[Black "Garcia Esteban, Juan Ignacio"]
[Result "1-0"]
[WhiteElo "2413"]
[BlackElo "2080"]
[PlyCount "53"]
[EventDate "2007.09.15"]
[EventType "swiss"]
[EventRounds "9"]
[EventCountry "ESP"]
[Source "lmi"]
[SourceDate "2007.09.13"]

1. e4 c5 2. Nf3 Nc6 3. Bb5 g6 4. Bxc6 dxc6 5. h3 Bg7 6. d3 Nf6 7. Nc3 O-O 8.
O-O Qc7 9. Be3 Nd7 10. Qd2 Re8 11. Bh6 Bh8 12. Nh2 Bd4 13. Kh1 Nf6 14. Nf3 Nh5
15. Nxd4 cxd4 16. Ne2 e5 17. g4 Ng7 18. f4 c5 19. f5 Qc6 20. Bxg7 Kxg7 21. f6+
Kh8 22. Qh6 Rg8 23. Ng1 g5 24. Nf3 Rg6 25. Qf8+ Rg8 26. Qxf7 Be6 27. Qh5 1-0

[Event "Moratalaz Open 2007"]
[Site "Madrid ESP"]
[Date "2007.09.19"]
[Round "5.9"]
[White "Unciti Juan, Javier"]
[Black "Elissalt Cardenas, Hector"]
[Result "0-1"]
[WhiteElo "2139"]
[BlackElo "2329"]
[PlyCount "54"]
[EventDate "2007.09.15"]
[EventType "swiss"]
[EventRounds "9"]
[EventCountry "ESP"]
[Source "lmi"]
[SourceDate "2007.09.13"]

1. c4 f5 2. Nc3 Nf6 3. d4 e6 4. g3 d5 5. Bg2 c6 6. Nf3 Bd6 7. Qc2 O-O 8. O-O
Bd7 9. c5 Bc7 10. Bf4 Be8 11. Bxc7 Qxc7 12. b4 Nbd7 13. Ng5 Bf7 14. f4 Ne4 15.
Ncxe4 dxe4 16. a4 Nf6 17. Rfb1 h6 18. Nxf7 Rxf7 19. e3 Nd5 20. Ra3 g5 21. b5
gxf4 22. gxf4 Rg7 23. bxc6 bxc6 24. Kh1 Kh8 25. Qf2 Rag8 26. Bf1 Nxf4 27. Ba6
Nh3 0-1

[Event "Moratalaz Open 2007"]
[Site "Madrid ESP"]
[Date "2007.09.19"]
[Round "5.10"]
[White "Sanchez Alvarez, Jorge"]
[Black "Solaesa Navalpotro, Luis Julio"]
[Result "0-1"]
[WhiteElo "2037"]
[BlackElo "2291"]
[PlyCount "138"]
[EventDate "2007.09.15"]
[EventType "swiss"]
[EventRounds "9"]
[EventCountry "ESP"]
[Source "lmi"]
[SourceDate "2007.09.13"]

1. c4 c5 2. g3 g6 3. Bg2 Bg7 4. Nc3 Nc6 5. a3 d6 6. Rb1 a5 7. Nh3 Nf6 8. Nf4
O-O 9. O-O Ne8 10. Nb5 Nc7 11. Nxc7 Qxc7 12. h4 Rb8 13. h5 Bd7 14. d3 b5 15. h6
Bh8 16. Nd5 Qd8 17. b3 e6 18. Nf4 Qe7 19. Bb2 Bxb2 20. Rxb2 Qg5 21. e3 Qxh6 22.
Bh3 g5 23. Nh5 f5 24. g4 Be8 25. f4 Bxh5 26. gxh5 g4 27. Bg2 Ne7 28. Qe1 b4 29.
axb4 Rxb4 30. Qh4 Kg7 31. Ra1 Qf6 32. Qxf6+ Kxf6 33. Rxa5 Rfb8 34. Ra8 Rxa8 35.
Bxa8 Kg7 36. Kg2 Kh6 37. Kg3 Kxh5 38. Bg2 Kg6 39. Bf1 Kf6 40. Rh2 Kg6 41. Rb2
h5 42. Be2 Rb6 43. Bd1 Ra6 44. b4 cxb4 45. Rxb4 Ra2 46. Ba4 Re2 47. Be8+ Kf6
48. Rb8 Rxe3+ 49. Kg2 h4 50. Bh5 Ng6 51. Bxg6 Kxg6 52. d4 h3+ 53. Kh2 Re2+ 54.
Kh1 Re4 55. c5 dxc5 56. dxc5 Rxf4 57. c6 Rc4 58. Rc8 Kg5 59. c7 Kf4 60. Re8
Rxc7 61. Rxe6 Rc2 62. Kg1 Kg3 63. Re3+ Kh4 64. Ra3 f4 65. Ra1 Kg3 66. Ra3+ f3
67. Ra1 Rg2+ 68. Kh1 Rh2+ 69. Kg1 f2+ 0-1

[Event "Moratalaz Open 2007"]
[Site "Madrid ESP"]
[Date "2007.09.19"]
[Round "5.11"]
[White "De la Fuente Gonzalez, Francisco"]
[Black "Castejon Caballero, Natalia"]
[Result "1/2-1/2"]
[WhiteElo "2230"]
[BlackElo "2060"]
[PlyCount "88"]
[EventDate "2007.09.15"]
[EventType "swiss"]
[EventRounds "9"]
[EventCountry "ESP"]
[Source "lmi"]
[SourceDate "2007.09.13"]

1. c4 c6 2. g3 d5 3. Bg2 Nf6 4. Nf3 g6 5. O-O Bg7 6. d4 O-O 7. cxd5 cxd5 8. Nc3
e6 9. Ne5 Nfd7 10. Nxd7 Bxd7 11. e4 dxe4 12. Nxe4 Bc6 13. Be3 Na6 14. Rc1 Nc7
15. Qd2 Re8 16. Rfd1 Nd5 17. Bh6 Bh8 18. Bg5 Qd7 19. Nc5 Qd6 20. Ne4 Qd7 21. h4
h5 22. Bf3 Rac8 23. Qa5 b6 24. Qa3 Ba8 25. Qd3 Nb4 26. Qe3 Rxc1 27. Rxc1 Bxe4
28. Bxe4 Qxd4 29. Qxd4 Bxd4 30. Rc4 Bc5 31. a3 Nd5 32. b4 Be7 33. Bxd5 exd5 34.
Rc7 Bxg5 35. hxg5 Re1+ 36. Kg2 Ra1 37. Rxa7 d4 38. Rd7 Rxa3 39. Rxd4 Rb3 40.
Kf1 Rb2 41. Kg2 Rb3 42. Kf1 Rb2 43. Rf4 Kf8 44. Ke1 Ke7 1/2-1/2

[Event "Moratalaz Open 2007"]
[Site "Madrid ESP"]
[Date "2007.09.19"]
[Round "5.12"]
[White "Garcia Garcia, Ruben"]
[Black "Estrada Martinez, Cesar"]
[Result "1/2-1/2"]
[WhiteElo "1888"]
[BlackElo "2211"]
[PlyCount "111"]
[EventDate "2007.09.15"]
[EventType "swiss"]
[EventRounds "9"]
[EventCountry "ESP"]
[Source "lmi"]
[SourceDate "2007.09.13"]

1. e4 c5 2. Nf3 g6 3. d4 cxd4 4. Qxd4 Nf6 5. Nc3 Nc6 6. Qa4 d6 7. e5 dxe5 8.
Nxe5 Bd7 9. Nxc6 Bxc6 10. Bb5 Qd7 11. Bxc6 Qxc6 12. Qxc6+ bxc6 13. Bd2 Bg7 14.
O-O-O O-O 15. Rhe1 e6 16. Ne4 Rfd8 17. Nxf6+ Bxf6 18. Be3 a6 19. c3 Rd5 20. Re2
Rb8 21. Bd4 Bg5+ 22. Be3 Bxe3+ 23. fxe3 Kf8 24. Red2 Ke7 25. e4 Rxd2 26. Rxd2
Rb5 27. Kc2 Rh5 28. h3 Ra5 29. a3 f5 30. Rd4 f4 31. Kd3 Rg5 32. Ra4 a5 33. e5
Rxg2 34. Rxf4 Rxb2 35. Ra4 Rh2 36. Rxa5 Rxh3+ 37. Kd4 g5 38. Ra7+ Kf8 39. Rc7
g4 40. Rxc6 g3 41. Ke3 g2+ 42. Kf2 Rg3 43. Kg1 h5 44. Rc4 Kg7 45. Rh4 Kh6 46.
a4 Rxc3 47. Kxg2 Re3 48. a5 Rxe5 49. Ra4 Rg5+ 50. Kf3 Rg8 51. a6 Kg5 52. Re4
Rf8+ 53. Kg3 h4+ 54. Rxh4 Ra8 55. Ra4 Kf5 56. Kf3 1/2-1/2

[Event "Moratalaz Open 2007"]
[Site "Madrid ESP"]
[Date "2007.09.19"]
[Round "5.13"]
[White "Enjuto Velasco, Roberto"]
[Black "Esquivias Gomez, Francisco Javier"]
[Result "1/2-1/2"]
[WhiteElo "2183"]
[BlackElo "2060"]
[PlyCount "27"]
[EventDate "2007.09.15"]
[EventType "swiss"]
[EventRounds "9"]
[EventCountry "ESP"]
[Source "lmi"]
[SourceDate "2007.09.13"]

1. e4 d5 2. exd5 Nf6 3. d4 Bg4 4. Nf3 Bxf3 5. Qxf3 Qxd5 6. Qg3 Qd6 7. Bf4 Qxd4
8. Be5 Qe4+ 9. Be2 Nc6 10. Bxc7 Nd4 11. Nc3 Nxe2 12. Nxe4 Nxg3 13. Nxf6+ exf6
14. Bxg3 1/2-1/2

[Event "Moratalaz Open 2007"]
[Site "Madrid ESP"]
[Date "2007.09.19"]
[Round "5.14"]
[White "Alarcia Astiz, Carlos"]
[Black "Cano Mercado, Francisco"]
[Result "1-0"]
[WhiteElo "2173"]
[BlackElo "1897"]
[PlyCount "67"]
[EventDate "2007.09.15"]
[EventType "swiss"]
[EventRounds "9"]
[EventCountry "ESP"]
[Source "lmi"]
[SourceDate "2007.09.13"]

1. e4 c6 2. d4 d5 3. Nc3 dxe4 4. Nxe4 Bf5 5. Ng3 Bg6 6. Nf3 Nd7 7. h4 h6 8. h5
Bh7 9. Bd3 Bxd3 10. Qxd3 e6 11. Bd2 Ngf6 12. O-O-O Qc7 13. Ne4 O-O-O 14. g3
Nxe4 15. Qxe4 Bd6 16. c4 Nf6 17. Qe2 c5 18. Bc3 cxd4 19. Nxd4 a6 20. Nb3 Qe7
21. f4 Rhe8 22. c5 Bc7 23. c6 Rd5 24. Rhe1 Red8 25. cxb7+ Kxb7 26. Rxd5 Rxd5
27. Qc4 Bb6 28. Kb1 Qd8 29. Rc1 Rd1 30. Kc2 Rxc1+ 31. Nxc1 Nxh5 32. Nd3 Nxg3
33. Nb4 Qd6 34. Qxa6+ 1-0

[Event "Moratalaz Open 2007"]
[Site "Madrid ESP"]
[Date "2007.09.19"]
[Round "5.15"]
[White "Ivanovich Balsinde, Nicholas"]
[Black "Martin Consuegra, Barrilero Javier"]
[Result "1-0"]
[WhiteElo "2151"]
[BlackElo "1970"]
[PlyCount "113"]
[EventDate "2007.09.15"]
[EventType "swiss"]
[EventRounds "9"]
[EventCountry "ESP"]
[Source "lmi"]
[SourceDate "2007.09.13"]

1. e4 d5 2. exd5 Qxd5 3. Nc3 Qa5 4. Bc4 c6 5. d3 Nf6 6. Bd2 Qc7 7. Qe2 Bg4 8.
f3 Bf5 9. g4 Bg6 10. f4 h6 11. O-O-O Nbd7 12. h4 Nb6 13. Bb3 Nfd5 14. Nxd5 cxd5
15. f5 Bh7 16. Be3 O-O-O 17. Qf2 e5 18. Bxb6 axb6 19. Ne2 f6 20. h5 Bg8 21. d4
Be7 22. Kb1 Kb8 23. Rd2 Bb4 24. c3 Bd6 25. dxe5 Bc5 26. Qg3 fxe5 27. Rhd1 Bf7
28. Bxd5 Rxd5 29. Rxd5 Bxd5 30. Rxd5 Re8 31. Qf3 e4 32. Qf4 e3 33. Qxc7+ Kxc7
34. b4 Bd6 35. Rd4 Re5 36. Kc2 Be7 37. Kd3 Bg5 38. Rc4+ Kd7 39. Re4 Kd6 40. c4
Bf6 41. Kxe3 b5 42. c5+ Kd5 43. Nc3+ Kc6 44. Kd3 b6 45. cxb6 Kxb6 46. Rxe5 Bxe5
47. Nd5+ Kc6 48. Ke4 Bb2 49. Nf4 Kd6 50. Ne6 Kc6 51. Nd4+ Kb6 52. Kd5 Ba3 53.
Ne6 Bxb4 54. Nxg7 Bc3 55. Ne8 Ka5 56. f6 Bb4 57. Nd6 1-0

[Event "Moratalaz Open 2007"]
[Site "Madrid ESP"]
[Date "2007.09.19"]
[Round "5.16"]
[White "Montanes Arribas, Adrian"]
[Black "Ballesteros Gonzalez, David"]
[Result "0-1"]
[WhiteElo "1811"]
[BlackElo "2196"]
[PlyCount "56"]
[EventDate "2007.09.15"]
[EventType "swiss"]
[EventRounds "9"]
[EventCountry "ESP"]
[Source "lmi"]
[SourceDate "2007.09.13"]

1. e4 c5 2. Nf3 e6 3. d3 d5 4. Nbd2 Nf6 5. g3 b5 6. Bg2 Bb7 7. Qe2 dxe4 8. dxe4
Qb6 9. O-O Nc6 10. c3 Be7 11. Re1 O-O 12. e5 Nd7 13. Nf1 c4 14. Be3 Bc5 15.
Rad1 Rad8 16. Bd4 Nxd4 17. Nxd4 Bxg2 18. Kxg2 Bxd4 19. cxd4 Qc6+ 20. Kg1 Nb6
21. Ne3 Nd5 22. Nxd5 Rxd5 23. Qe3 Rfd8 24. Rd2 b4 25. Rc1 Qa6 26. a3 c3 27.
bxc3 Qxa3 28. cxb4 Qxc1+ 0-1

[Event "Moratalaz Open 2007"]
[Site "Madrid ESP"]
[Date "2007.09.19"]
[Round "5.17"]
[White "Coleto Calderon, Jose Antonio"]
[Black "Pineiro Lozano, Luis"]
[Result "1/2-1/2"]
[WhiteElo "2159"]
[BlackElo "1924"]
[PlyCount "82"]
[EventDate "2007.09.15"]
[EventType "swiss"]
[EventRounds "9"]
[EventCountry "ESP"]
[Source "lmi"]
[SourceDate "2007.09.13"]

1. d4 d5 2. c4 e6 3. Nc3 Nf6 4. Bg5 Be7 5. e3 h6 6. Bh4 b6 7. Nf3 O-O 8. Qc2
Bb7 9. Bxf6 Bxf6 10. cxd5 exd5 11. O-O-O Nd7 12. Kb1 c5 13. h4 a6 14. g4 Be7
15. Bh3 b5 16. g5 h5 17. g6 fxg6 18. Qxg6 Rf6 19. Qxh5 Rh6 20. Qg4 b4 21. Rdg1
Bf8 22. Qxd7 bxc3 23. Qxd8 Rxd8 24. Ng5 Bc8 25. Bxc8 Rxc8 26. b3 cxd4 27. Kc2
dxe3 28. fxe3 Rf6 29. Rf1 Bc5 30. Kxc3 Bxe3+ 31. Kd3 Bxg5 32. hxg5 Rfc6 33. Rh2
a5 34. Kd4 a4 35. Rff2 axb3 36. axb3 Rb6 37. Rh3 Rcb8 38. Rff3 Rb4+ 39. Kxd5
R4b5+ 40. Ke6 R8b6+ 41. Ke7 Rb7+ 1/2-1/2

[Event "Moratalaz Open 2007"]
[Site "Madrid ESP"]
[Date "2007.09.19"]
[Round "5.18"]
[White "Suarez Prieto, Leopoldo"]
[Black "Garcia Ruido, Ricardo"]
[Result "0-1"]
[WhiteElo "1884"]
[BlackElo "2158"]
[PlyCount "74"]
[EventDate "2007.09.15"]
[EventType "swiss"]
[EventRounds "9"]
[EventCountry "ESP"]
[Source "lmi"]
[SourceDate "2007.09.13"]

1. e4 c5 2. Nc3 e6 3. g3 Nc6 4. Bg2 g6 5. Nf3 Bg7 6. d3 Nge7 7. O-O O-O 8. Re1
d6 9. Be3 Rb8 10. Qd2 Nd4 11. Bh6 Nec6 12. Bxg7 Kxg7 13. a3 b5 14. Nxd4 Nxd4
15. Ne2 Nc6 16. Rf1 Bd7 17. Rad1 e5 18. f4 f5 19. c3 Qb6 20. Kh1 Rbe8 21. d4
exd4 22. exf5 Bxf5 23. cxd4 Bg4 24. Bxc6 Rxe2 25. Qc3 c4 26. Bg2 Rfe8 27. Rde1
R8e3 28. Qc1 Qxd4 29. Rxe2 Rxe2 30. Qc3 Qxc3 31. bxc3 Rc2 32. Bc6 Rxc3 33. Bxb5
d5 34. Bc6 d4 35. Bg2 d3 36. Kg1 d2 37. h3 Be2 0-1

[Event "Moratalaz Open 2007"]
[Site "Madrid ESP"]
[Date "2007.09.19"]
[Round "5.19"]
[White "Garcia Serrano, Jose Manuel"]
[Black "Alcaraz Amoros, Antonio"]
[Result "1/2-1/2"]
[WhiteElo "1880"]
[BlackElo "2135"]
[PlyCount "82"]
[EventDate "2007.09.15"]
[EventType "swiss"]
[EventRounds "9"]
[EventCountry "ESP"]
[Source "lmi"]
[SourceDate "2007.09.13"]

1. e4 c6 2. Nf3 d5 3. Nc3 Bg4 4. h3 Bxf3 5. Qxf3 dxe4 6. Nxe4 Nd7 7. Ng5 Ngf6
8. Qb3 e6 9. Qxb7 Rc8 10. d4 Rc7 11. Qb3 Bd6 12. Bc4 Nd5 13. Bd3 N7f6 14. c4
Nf4 15. c5 Nxd3+ 16. Qxd3 Bxc5 17. Be3 Bb4+ 18. Bd2 Bxd2+ 19. Qxd2 O-O 20. Rd1
Qd5 21. O-O Qxa2 22. Ra1 Qd5 23. Ra5 Qd7 24. Rfa1 c5 25. Rd1 Rd8 26. Qf4 h6 27.
Nf3 Qd6 28. Qxd6 Rxd6 29. Rc1 Rb6 30. Rc2 Rcb7 31. dxc5 Rxb2 32. c6 Rb1+ 33.
Kh2 Rc7 34. Nd4 Rb6 35. Rca2 Nd5 36. Rxa7 Rxa7 37. Rxa7 e5 38. Nf3 Rxc6 39.
Nxe5 Rf6 40. Kg1 Rf5 41. Nc6 Rf6 1/2-1/2

[Event "Moratalaz Open 2007"]
[Site "Madrid ESP"]
[Date "2007.09.19"]
[Round "5.20"]
[White "Taveira Jimenez, Manuel"]
[Black "Garcia Reino, Eduardo Javier"]
[Result "0-1"]
[WhiteElo "2082"]
[BlackElo "1889"]
[PlyCount "45"]
[EventDate "2007.09.15"]
[EventType "swiss"]
[EventRounds "9"]
[EventCountry "ESP"]
[Source "lmi"]
[SourceDate "2007.09.13"]

1. e4 e5 2. d4 exd4 3. c3 d5 4. exd5 Qxd5 5. cxd4 Nc6 6. Nf3 Bb4+ 7. Nc3 Bg4 8.
Be2 Bxf3 9. Bxf3 Qc4 10. Bxc6+ Qxc6 11. O-O Ne7 12. Qb3 Bxc3 13. bxc3 O-O 14.
Bb2 Qb6 15. Qc2 Qg6 16. Qd2 Rad8 17. Rae1 Nf5 18. Qf4 Nd6 19. Re3 Qf5 20. Qh4
Rde8 21. Rf3 Re4 22. Rxf5 Rxh4 23. Rc5 0-1

[Event "Moratalaz Open 2007"]
[Site "Madrid ESP"]
[Date "2007.09.20"]
[Round "6.1"]
[White "Madina, Martin"]
[Black "Vazquez, Renier"]
[Result "0-1"]
[WhiteElo "2344"]
[BlackElo "2553"]
[PlyCount "50"]
[EventDate "2007.09.15"]
[EventType "swiss"]
[EventRounds "9"]
[EventCountry "ESP"]
[Source "lmi"]
[SourceDate "2007.09.13"]

1. e4 e5 2. Nc3 Nf6 3. g3 d5 4. exd5 Nxd5 5. Nge2 Nxc3 6. Nxc3 h5 7. Qe2 Nc6 8.
Bg2 Bd6 9. Bxc6+ bxc6 10. d4 O-O 11. dxe5 Bxe5 12. O-O Bxc3 13. bxc3 Bg4 14.
Qc4 Re8 15. Be3 Qf6 16. Qd4 Qf5 17. Qf4 Qxc2 18. Qxc7 Bh3 19. Qxc6 Bxf1 20.
Rxf1 Qxa2 21. Rd1 a5 22. Bd4 a4 23. Qb5 Qe2 24. Rd3 a3 25. Qg5 Qg4 0-1

[Event "Moratalaz Open 2007"]
[Site "Madrid ESP"]
[Date "2007.09.20"]
[Round "6.2"]
[White "Rubio Mejia, Luis"]
[Black "Gonzalez Somoza, Oliver"]
[Result "1/2-1/2"]
[WhiteElo "2270"]
[BlackElo "2343"]
[PlyCount "33"]
[EventDate "2007.09.15"]
[EventType "swiss"]
[EventRounds "9"]
[EventCountry "ESP"]
[Source "lmi"]
[SourceDate "2007.09.13"]

1. d4 d5 2. c4 Nc6 3. cxd5 Qxd5 4. e3 e5 5. Nc3 Bb4 6. Bd2 Bxc3 7. Bxc3 exd4 8.
Ne2 Nf6 9. Nxd4 O-O 10. Be2 Ne4 11. O-O Nxc3 12. bxc3 Nxd4 13. cxd4 c5 14. Bf3
Qd6 15. dxc5 Qxc5 16. Rb1 Rb8 17. a4 1/2-1/2

[Event "Moratalaz Open 2007"]
[Site "Madrid ESP"]
[Date "2007.09.20"]
[Round "6.3"]
[White "Solaesa Navalpotro, Luis Julio"]
[Black "Korneev, Oleg"]
[Result "0-1"]
[WhiteElo "2291"]
[BlackElo "2565"]
[PlyCount "56"]
[EventDate "2007.09.15"]
[EventType "swiss"]
[EventRounds "9"]
[EventCountry "ESP"]
[Source "lmi"]
[SourceDate "2007.09.13"]

1. d4 Nf6 2. Bg5 e6 3. e4 h6 4. Bxf6 Qxf6 5. Nc3 Bb4 6. Qd2 d5 7. e5 Qd8 8. a3
Be7 9. Nd1 c5 10. c3 Nc6 11. f4 O-O 12. Nf3 f6 13. Bd3 Qa5 14. Rc1 Bd7 15. Ne3
fxe5 16. Nxe5 Nxe5 17. dxe5 Rxf4 18. Nxd5 Bh4+ 19. g3 exd5 20. Qxf4 Bg5 21. Qf3
c4 22. Bg6 Rf8 23. Bh7+ Kxh7 24. Qxf8 Bxc1 25. O-O Be3+ 26. Kg2 Qb6 27. Rf7
Qxb2+ 28. Kh1 Qb1+ 0-1

[Event "Moratalaz Open 2007"]
[Site "Madrid ESP"]
[Date "2007.09.20"]
[Round "6.4"]
[White "Moreno Ruiz, Javier"]
[Black "Alarcia Astiz, Carlos"]
[Result "1-0"]
[WhiteElo "2466"]
[BlackElo "2173"]
[PlyCount "77"]
[EventDate "2007.09.15"]
[EventType "swiss"]
[EventRounds "9"]
[EventCountry "ESP"]
[Source "lmi"]
[SourceDate "2007.09.13"]

1. d4 Nf6 2. c4 e6 3. Nc3 d5 4. cxd5 exd5 5. Bg5 c6 6. Qc2 Na6 7. a3 Nc7 8. e3
Ne6 9. Bh4 g6 10. Bd3 Be7 11. Nge2 Ng7 12. f3 Nf5 13. Bf2 c5 14. g4 Nxd4 15.
exd4 c4 16. Bg3 cxd3 17. Qxd3 Bd6 18. g5 Bxg3+ 19. hxg3 Ng8 20. Qb5+ Qd7 21.
Nf4 Ne7 22. Kf2 Kf8 23. Qxd7 Bxd7 24. Ncxd5 Nxd5 25. Nxd5 Rc8 26. Rac1 Kg7 27.
Nf6 Rxc1 28. Rxc1 Rd8 29. Rh1 h5 30. d5 Bb5 31. Rc1 Kf8 32. Rc7 a6 33. Ke3 Rb8
34. Kd4 b6 35. Ke5 a5 36. d6 Kg7 37. d7 Ba6 38. Kd6 Kf8 39. Ra7 1-0

[Event "Moratalaz Open 2007"]
[Site "Madrid ESP"]
[Date "2007.09.20"]
[Round "6.5"]
[White "Sanchez Gonzalez, Sergio"]
[Black "Roa Alonso, Santiago"]
[Result "0-1"]
[WhiteElo "2098"]
[BlackElo "2445"]
[PlyCount "88"]
[EventDate "2007.09.15"]
[EventType "swiss"]
[EventRounds "9"]
[EventCountry "ESP"]
[Source "lmi"]
[SourceDate "2007.09.13"]

1. d4 Nf6 2. Nf3 g6 3. g3 Bg7 4. Bg2 O-O 5. O-O d6 6. Nc3 Nbd7 7. e4 e5 8. h3
c6 9. Be3 Qc7 10. Qe2 b5 11. a3 a5 12. dxe5 dxe5 13. Nd2 Ba6 14. b4 Rfe8 15.
Rab1 Bf8 16. f4 axb4 17. axb4 Bb7 18. f5 Ra3 19. Nd1 c5 20. g4 cxb4 21. Qf2 Re7
22. Rxb4 Qxc2 23. Rxb5 Ba6 24. Rb2 Qc6 25. Re1 Re8 26. Nb1 Ra1 27. Rc2 Qa8 28.
Nbc3 Bb7 29. Rd2 Bc6 30. g5 Nh5 31. Nd5 Bxd5 32. Rxd5 Qb7 33. Rf1 Nf4 34. Bxf4
exf4 35. Qxf4 Nb6 36. Rb5 Qd7 37. Ne3 Bd6 38. Qf3 Ra3 39. fxg6 hxg6 40. e5 Rxe3
41. Qxe3 Qxb5 42. Qf3 Bc5+ 43. Kh1 Qd7 44. Qc3 Bd4 0-1